000 01015cam a2200325 i 4500
001 006891644
003 EG-ScBUE
005 20260124101816.0
008 040423t2004 gw a f b 001 0 eng d
020 _a3527404171
020 _a9783527404179
040 _aUk
_beng
_erda
_cUk
_dEG-ScBUE
082 0 4 _222
_a572.8633
_bYAK
100 1 _aI︠A︡kushevich, L. V.
_q(Li︠u︡dmila Vladimirovna)
_eauthor.
245 1 0 _aNonlinear physics of DNA /
_cLudmila V. Yakushevich.
250 _aSecond edition,
_brevised.
264 1 _aWeinheim :
_bWiley-VCH,
_c[2004]
264 4 _cc2004
300 _axv, 190 pages :
_billustrations ;
_c25 cm
336 _2rdacontent
_atext
_btxt
337 _aunmediated
_2rdamedia
_bn
338 _avolume
_bnc
_2rdacarrier
504 _aIncludes bibliographical references and index.
650 7 _aDNA.
_2BUEsh
_939685
650 7 _aNonlinear mechanics.
_2BUEsh
650 7 _aBiophysics.
_2BUEsh
_911194
653 _bGGEN
_cMay2018
655 _vReading book
942 _2ddc
_cBB
999 _c26664
_d26636